000 00575nam a22002177a 4500
999 _c7899
_d7899
003 OSt
005 20220718125747.0
008 220718b ||||| |||| 00| 0 eng d
020 _a9781292093567
040 _cDDC
082 _a658.7
100 _aSUNIL CHOPRA
_916047
245 _aSUPPLY CHAIN MANAGEMENT
_bSTRATEGY,PLANNING ND OPERATION
250 _a6TH ED
260 _aNEWYORK
_bPEARSON
_c2016
300 _a528P:
_bILL;
_c25M
504 _aINCLUDES INDEX
650 _aSUPPLY CHAIN MANAGEMENT
_95505
650 _aPLANNING AND OPERATION
_916048
942 _2ddc
_cBOOK